Niektoré politické aspekty islamu

Náboženstvo a jeho dôležitá úloha v islamskej spoločnosti. Islam je náboženstvo, ale zároveň aj ideológia s obrovským mobilizačným potenciálom, s prepracovanou sociálnou doktrínou a hlboko zakorenenými rovnostárskymi postojmi. Islam zdôrazňuje uchovanie jednoty komunity, má silné tradicionalistické...

Descripción completa

Guardado en:
Detalles Bibliográficos
Autor principal: Vokálová, Emília
Formato: Capítulo de libro
Lenguaje:eslovaco
Materias:
Etiquetas: Agregar Etiqueta
Sin Etiquetas, Sea el primero en etiquetar este registro!

MARC

LEADER 00000naa$a2200000$$$4500
001 0038480
005 20240502071500.3
041 0 |a slo 
044 |a SK 
245 1 0 |a Niektoré politické aspekty islamu  |c Emília Vokálová 
520 |a Náboženstvo a jeho dôležitá úloha v islamskej spoločnosti. Islam je náboženstvo, ale zároveň aj ideológia s obrovským mobilizačným potenciálom, s prepracovanou sociálnou doktrínou a hlboko zakorenenými rovnostárskymi postojmi. Islam zdôrazňuje uchovanie jednoty komunity, má silné tradicionalistické korene, čo v období expanzie západného kultúrneho modernizmu a prehlbujúcej sa ekonomickej a sociálnej krízy môže vytvoriť priaznivý základ pre radikalizáciu spoločnosti v islamskom svete. 
610 2 0 |a náboženstvo 
610 2 0 |a islam 
610 2 0 |a radikalizmus 
610 2 0 |a kríza hospodárska 
610 2 0 |a kríza sociálna 
100 1 |a Vokálová, Emília